00282nam a2200097Ia 4500008004100000041000800041100003000049245005500079260003100134999001900165241105s9999 xx 000 0 und d aeng aKulkarni Sonali S9182898 aPunyavishwa : Complex For Cultural Tourism In Pune bBNCA B-Arch ID, Punec2016 c361191d361191